El factor Pinochet: dispositivos de poder, legitimación, elites. Chile, 1973-1980

Gespeichert in:
Bibliographische Detailangaben
1. Verfasser: Timmermann López, Freddy Alex (VerfasserIn)
Format: Buch
Sprache:Spanisch
Veröffentlicht: Santiago, Chile Universidad Católica Silva Henríquez 2005
Ausgabe:Primera edición
Schriftenreihe:Historia
Schlagworte:
Tags: Tag hinzufügen
Keine Tags, Fügen Sie den ersten Tag hinzu!

MARC

LEADER 00000nam a2200000 a 4500
001 UCJ0620
003 CL-VaPUC
005 20241213123108.0
008 060825e20050000CL |||||||||||||||||spa|d
999 |c 317385  |d 317383 
020 |a 9567947384 
040 |c Pontificia Universidad Católica de Valparaíso 
082 0 4 |a 324.283 TIM 2005  |2 21 
100 0 |a Timmermann López, Freddy Alex  |e author  |9 500825 
245 1 3 |a El factor Pinochet:  |b  dispositivos de poder, legitimación, elites. Chile, 1973-1980 
250 |a Primera edición 
260 |a Santiago, Chile  |b Universidad Católica Silva Henríquez  |c 2005 
300 |a 478 páginas 
490 0 |a Historia 
583 |a last modification  |c 20180226 01:14:55  |k Rodrigo Vera 
600 0 |a Pinochet Ugarte, Augusto,  |e 1915-2006  |9 374419 
600 0 |a Allende Gossens, Salvador,   |d 1908-1973  |9 257222 
650 0 |a Política y gobierno  |9 255151 
650 7 |a DICTADURA MILITAR  |2 CL-VaPUC  |9 404217  |z CHILE 
650 7 |a ELITES  |2 CL-VaPUC  |9 452133  |z CHILE 
650 0 |a Fascismo  |z CHILE  |9 255687 
650 0 |a Comunismo  |z CHILE  |9 255588 
650 7 |a MARXISMO  |2 CL-VaPUC  |9 500826  |z CHILE 
852 |a BIBCUR 
942 |c BK  |2 ddc 
945 |d 20060825 00:00:00  |a jtorresc 
952 |0 0  |1 0  |2 ddc  |4 0  |6 324_283000000000000_TIM_2005  |7 0  |8 A  |9 393721  |a BIBHIS  |b BIBHIS  |d 2019-11-22  |i 426262K  |o 324.283 TIM 2005  |p 426262K  |r 2025-01-20  |t 1  |w 2019-11-22  |y BK  |k HIS